Podnikateľský plán v systéme plánovania v podniku bakalárska práca

Na minha lista:
Detalhes bibliográficos
Autor principal: Jurica, Lukáš
Autor Corporativo: Fakulta podnikového manažmentu EU. Katedra manažmentu
Outros Autores: Marsina, Štefan
Formato: Livro
Idioma:eslovaco
Publicado em: Bratislava 2012
Tags: Adicionar Tag
Sem tags, seja o primeiro a adicionar uma tag!

MARC

LEADER 00000nbm a2200000 4500
001 0154100
005 20161109111821.0
041 0 |a slo 
044 |a SK 
245 1 0 |a Podnikateľský plán v systéme plánovania v podniku  |b bakalárska práca  |c Lukáš Jurica ; školiteľ: Štefan Marsina 
264 1 |a Bratislava  |c 2012 
300 |a 51 s. 
100 1 |a Jurica, Lukáš 
700 1 |a Marsina, Štefan 
710 2 |a Fakulta podnikového manažmentu EU. Katedra manažmentu